000 00312nam a2200133Ia 4500
008 151001s9999||||xx |||||||||||||| ||und||
100 _a राणू
245 _aतोफाह
250 _a1
260 _bहिंद पॉकेट बुक्स
260 _c1976
300 _a164
365 _b16
999 _c961420
_d961417